000 00655nam a2200181Ia 4500
008 151202s9999||||xx |||||||||||||| ||und||
082 _bPNVM-19933
100 _aचव्हाण यशवंतराव.
245 _aसह्याद्रीचे वारे.
260 _b"महाराष्ट्र शासन,मुंबई."
260 _c1962
300 _a324
600 _aचव्हाण यशवंतराव.
630 _aसह्याद्रीचे वारे.
700 _aचव्हाण यशवंतराव.
730 _aसह्याद्रीचे वारे.
942 _cBOOK
999 _c1285913
_d1285910